[Event "World Senior 65+ 2014"]
[Site "Katerini GRE"]
[Date "2014.10.26"]
[Round "3.34"]
[White "Pihlajamaki, Antti"]
[Black "Pitzl, Konstantinos"]
[Result "1-0"]
[WhiteElo "1863"]
[BlackElo "2048"]
[WhiteFideId "503290"]
[BlackFideId "1627112"]
[EventDate "2014.10.24"]

1. e4 g6 2. d4 Bg7 3. Nf3 d6 4. Bc4 Nf6 5. Nc3 c6 6. a3 O-O 7. Bb3 Qc7 8. Bg5 e5
9. d5 Nbd7 10. Qd2 Nc5 11. Bxf6 Bxf6 12. dxc6 bxc6 13. Bc4 Bg4 14. h3 Bxf3 15.
gxf3 Ne6 16. Bxe6 fxe6 17. O-O-O d5 18. h4 Qe7 19. Rdg1 Rab8 20. Qh6 Bg7 21. Qd2
Bf6 22. Qh6 Rb7 23. h5 g5 24. f4 exf4 25. e5 Bxe5 26. Qxg5+ Qxg5 27. Rxg5+ Bg7
28. h6 Kh8 29. hxg7+ Rxg7 30. Re5 Rg6 31. Ne2 c5 32. Rh4 f3 33. Nf4 Rgf6 34. Nh3
h6 35. Kd2 Kg7 36. Rg4+ Kh7 37. c3 Rb8 38. b4 cxb4 39. axb4 Rb6 40. Kd3 Ra6 41.
Re1 Ra2 42. Reg1 Rf7 43. Rh1 Rg7 44. Rxg7+ Kxg7 45. Re1 Kf6 46. Re3 e5 47. Rxf3+
Ke6 48. Rf8 Ke7 49. Rh8 Kf6 50. Rxh6+ Kf5 51. Rh5+ Kf6 52. Rh6+ Kf5 53. f3 e4+
54. fxe4+ dxe4+ 55. Ke3 Rc2 56. Rc6 Ke5 57. Nf2 Rc1 58. Rc5+ Ke6 59. Nxe4 Re1+
60. Kd3 Rd1+ 61. Kc4 Rh1 62. Ng5+ Kf6 63. Kb5 Ra1 64. Ne4+ Ke6 65. Rc6+ Kd5 66.
Nf6+ Ke5 67. Nd7+ Kd5 68. c4+ Kd4 69. Rd6+ Kc3 70. Ne5 Ra2 71. Rd3+ Kc2 72. Re3
Kd2 73. Rg3 Ra1 74. c5 Re1 75. Nf3+ 1-0

[Event "World Senior 65+ 2014"]
[Site "Katerini GRE"]
[Date "2014.10.26"]
[Round "3.35"]
[White "Haupt, Joachim"]
[Black "Borwell, Alan P"]
[Result "1/2-1/2"]
[WhiteElo "1874"]
[BlackElo "2032"]
[WhiteFideId "4698487"]
[BlackFideId "2402335"]
[EventDate "2014.10.24"]

1. c4 Nf6 2. Nf3 e6 3. Nc3 Bb4 4. g3 b6 5. Bg2 Bb7 6. O-O O-O 7. Qb3 a5 8. a3
Be7 9. d4 d6 10. h3 Nbd7 11. Re1 c5 12. d5 exd5 13. cxd5 a4 14. Qd1 b5 15. e4
Qb6 16. Bf4 Ne8 17. b3 Bf6 18. e5 dxe5 19. Nxe5 Nxe5 20. Bxe5 Bxe5 21. Rxe5 axb3
22. Qxb3 Nd6 23. Bf1 1/2-1/2

[Event "World Senior 65+ 2014"]
[Site "Katerini GRE"]
[Date "2014.10.26"]
[Round "3.36"]
[White "Morriss, Pete"]
[Black "Belokopyt, Boris"]
[Result "1/2-1/2"]
[WhiteElo "2032"]
[BlackElo "1940"]
[WhiteFideId "2500230"]
[BlackFideId "4152530"]
[EventDate "2014.10.24"]

1. b4 Nf6 2. Bb2 g6 3. c4 Bg7 4. e3 O-O 5. Nf3 d6 6. d4 c6 7. Nc3 d5 8. a4 Be6
9. c5 Qc7 10. Be2 Nbd7 11. b5 Ne4 12. a5 Nxc3 13. Bxc3 Nxc5 14. bxc6 bxc6 15.
O-O Ne4 16. Bb4 c5 17. dxc5 Bxa1 18. Qxa1 Rab8 19. Qa3 Rxb4 20. Qxb4 Qxc5 21.
Qxc5 Nxc5 22. Nd4 Bd7 23. a6 e5 24. Nf3 f6 25. Rd1 Be6 26. Rb1 Rd8 27. Rc1 Rc8
28. Rb1 Rc7 29. h3 Kf7 30. g4 Bc8 31. Rd1 Ke6 32. g5 f5 33. h4 Bxa6 34. Bxa6
Nxa6 35. Kg2 Nb4 36. h5 gxh5 37. Rh1 a5 38. Rxh5 Rg7 39. Rh6+ Ke7 40. Nxe5 Rxg5+
41. Kf3 Rg7 42. Kf4 Kd8 43. Kxf5 Ra7 44. Nc6+ Nxc6 45. Rxc6 Rf7+ 46. Ke5 Rxf2
47. Ra6 Re2 48. Kd6 Kc8 49. Rxa5 Rxe3 50. Rxd5 Rh3 51. Rf5 Rh6+ 52. Ke5 Kd7 53.
Rf7+ Ke8 54. Ra7 Kf8 55. Kf5 Rh1 56. Kg5 Kg8 57. Kf6 h5 58. Kg6 Kf8 59. Kg5 h4
60. Kg4 Kg8 61. Ra3 1/2-1/2

[Event "World Senior 65+ 2014"]
[Site "Katerini GRE"]
[Date "2014.10.26"]
[Round "3.37"]
[White "Zamahari, Abang Draup"]
[Black "Reynolds, D Ian W"]
[Result "0-1"]
[WhiteElo "1603"]
[BlackElo "2006"]
[WhiteFideId "5704057"]
[BlackFideId "410705"]
[EventDate "2014.10.24"]

1. d4 Nf6 2. c4 e6 3. Nc3 Bb4 4. Bd2 d5 5. e3 O-O 6. a3 Be7 7. Nf3 b6 8. Bd3 Bb7
9. cxd5 exd5 10. O-O c5 11. Rc1 Nc6 12. Ne2 Bd6 13. dxc5 bxc5 14. Bc3 Qe7 15.
Bb1 Rac8 16. Qc2 g6 17. Rfd1 Rfd8 18. Rd2 Ng4 19. g3 Nxe3 20. fxe3 Qxe3+ 21. Kg2
d4 22. Rd3 Qe7 23. Be1 Ne5 24. Rb3 Nxf3 25. Rxf3 d3 26. Qxd3 Bf4 27. Qc4 Bxc1
28. Nxc1 Bxf3+ 29. Kxf3 Qxe1 30. Ba2 Qh1+ 31. Ke3 Re8+ 32. Kd3 Qd1+ 33. Kc3
Qxc1+ 34. Kb3 Qd1+ 35. Qc2 Re3+ 0-1

[Event "World Senior 65+ 2014"]
[Site "Katerini GRE"]
[Date "2014.10.26"]
[Round "3.38"]
[White "Yakovlev, Yuri S."]
[Black "Korenevski, Oleg"]
[Result "0-1"]
[WhiteElo "1992"]
[BlackElo "1915"]
[WhiteFideId "4173929"]
[BlackFideId "3206386"]
[EventDate "2014.10.24"]

1. e4 e5 2. Nf3 Nc6 3. Bc4 Bc5 4. c3 Nf6 5. d4 exd4 6. e5 d5 7. Bb5 Ne4 8. cxd4
Bb6 9. h3 O-O 10. O-O f6 11. exf6 Qxf6 12. Nc3 Nxc3 13. bxc3 Bxh3 14. Bd3 Bf5
15. Bg5 Qg6 16. Bxf5 Rxf5 17. Be3 Qg4 18. Nh2 Qxd1 19. Raxd1 Na5 20. g4 Rf7 21.
Kg2 Nc4 22. Nf3 Raf8 23. Ng5 Nxe3+ 24. fxe3 Rxf1 25. Rxf1 Rxf1 26. Kxf1 Ba5 27.
Ne6 Kf7 28. Nf4 c6 29. Ne2 Kf6 30. Kg2 Kg5 31. Kf3 g6 32. Kg3 h5 33. gxh5 gxh5
34. Kf3 h4 35. e4 dxe4+ 36. Kxe4 Kg4 37. Ke3 h3 38. Kf2 b5 39. Kf1 Kf3 40. Ng1+
Ke3 0-1

[Event "World Senior 65+ 2014"]
[Site "Katerini GRE"]
[Date "2014.10.26"]
[Round "3.39"]
[White "Mitsakos, Achilleas"]
[Black "Krstic, Slobodan AUS"]
[Result "0-1"]
[WhiteElo "1584"]
[BlackElo "2038"]
[WhiteFideId "4207726"]
[BlackFideId "3203379"]
[EventDate "2014.10.24"]

1. e4 e5 2. Nf3 Nc6 3. Bb5 a6 4. Ba4 Nf6 5. d3 b5 6. Bb3 Bc5 7. c3 d6 8. O-O O-O
9. Nbd2 Bg4 10. h3 Bh5 11. Re1 d5 12. exd5 Nxd5 13. Ne4 Bb6 14. Ng3 Bg6 15. Nxe5
Nxe5 16. Rxe5 c6 17. d4 Bc7 18. Re1 Qd6 19. Bxd5 cxd5 20. Be3 Rae8 21. Qd2 h5
22. Nf1 f5 23. f4 Re4 24. Qf2 b4 25. Re2 Be8 26. a4 bxa3 27. Rxa3 Bb5 28. Re1 g5
29. g3 Qg6 30. Kh2 h4 31. Nd2 hxg3+ 32. Qxg3 Rxe3 33. Qg1 Bxf4+ 0-1

[Event "World Senior 65+ 2014"]
[Site "Katerini GRE"]
[Date "2014.10.26"]
[Round "3.40"]
[White "Chirinos Cabrera, Cleren Jesus"]
[Black "Filzmaier, Bruno"]
[Result "1-0"]
[WhiteTitle "CM"]
[WhiteElo "2009"]
[BlackElo "1846"]
[WhiteFideId "3900150"]
[BlackFideId "1607685"]
[EventDate "2014.10.24"]

1. Nf3 e6 2. c4 d5 3. e3 Nf6 4. Be2 Be7 5. O-O O-O 6. Qc2 a6 7. b3 Nbd7 8. Bb2
b6 9. cxd5 exd5 10. Nd4 Bb7 11. Nf5 Re8 12. Nxe7+ Rxe7 13. d4 Rc8 14. b4 h6 15.
Nd2 Qe8 16. Bf3 Nf8 17. Rae1 Ne6 18. g3 Ng5 19. Bg2 Nfe4 20. Nb3 Nd6 21. Nd2
Nge4 22. Nxe4 Nxe4 23. f3 Nd6 24. Bc1 Qb5 25. a3 a5 26. bxa5 Qxa5 27. Bd2 Qa7
28. Bh3 Rce8 29. Bc1 Nc4 30. Qb3 Bc6 31. e4 Na5 32. Qa2 dxe4 33. fxe4 Bb5 34.
Rf4 Bc4 35. Qc2 Qb7 36. e5 Be6 37. Bg2 Bd5 38. Bf1 Rc8 39. Qf5 Be6 40. Qh5 Qd5
41. Rh4 Kf8 42. Bg2 Qb3 43. Bg5 f6 44. exf6 Rf7 45. fxg7+ Kg8 46. Qxh6 Rxg7 47.
Bf6 Rd7 48. Qh8+ Kf7 49. Qg7+ 1-0

[Event "World Senior 65+ 2014"]
[Site "Katerini GRE"]
[Date "2014.10.26"]
[Round "3.41"]
[White "Rubinstein, Mark"]
[Black "Shamis, Mordehay"]
[Result "1-0"]
[WhiteElo "1931"]
[BlackElo "1824"]
[WhiteFideId "2807076"]
[BlackFideId "2808374"]
[EventDate "2014.10.24"]

1. c4 c5 2. Nc3 Nc6 3. g3 Nf6 4. Bg2 g6 5. d3 Bg7 6. e3 e5 7. Nge2 O-O 8. O-O d6
9. a3 Be6 10. Rb1 a5 11. Nd5 Bxd5 12. cxd5 Ne7 13. e4 Nd7 14. Nc3 Rb8 15. Nb5
Qb6 16. a4 Nc8 17. Bh3 Qd8 18. Be3 b6 19. Qd2 Bf6 20. Bh6 Re8 21. Bg4 Qe7 22. h4
Nf8 23. f4 Na7 24. Na3 Bg7 25. f5 f6 26. fxg6 hxg6 27. Be3 Qc7 28. Rf2 Re7 29.
Rbf1 Rbe8 30. Kg2 Bh8 31. Bd1 Qd7 32. g4 Rh7 33. Kg3 Qe7 34. g5 f5 35. exf5 gxf5
36. Rxf5 Ng6 37. h5 Nf4 38. Bxf4 exf4+ 39. Kg2 Be5 40. Nc4 Rf7 41. R1xf4 Bxf4
42. Qxf4 Rxf5 43. Qxf5 Nc8 44. Bg4 Qf7 45. h6 Qxf5 46. Bxf5 Rf8 47. Be4 Rd8 48.
Kg3 Ne7 49. Kg4 Kf7 50. Kh5 Ng8 51. Bf5 Ne7 52. Be6+ Kf8 53. g6 Ng8 54. g7+ Ke7
55. Bxg8 1-0

[Event "World Senior 65+ 2014"]
[Site "Katerini GRE"]
[Date "2014.10.26"]
[Round "3.42"]
[White "Choong, Liong-On Mark"]
[Black "Susanto, Budhi"]
[Result "1-0"]
[WhiteTitle "CM"]
[WhiteElo "1921"]
[BlackElo "1724"]
[WhiteFideId "5806410"]
[BlackFideId "7104979"]
[EventDate "2014.10.24"]

1. c4 Nf6 2. Nc3 g6 3. e4 d6 4. d4 Bg7 5. Bd3 O-O 6. Nge2 c5 7. d5 e6 8. O-O
exd5 9. cxd5 Re8 10. Bg5 a6 11. a4 h6 12. Bf4 Nh5 13. Be3 Nd7 14. Qc1 Ne5 15.
Bc2 Kh7 16. Nf4 Nf6 17. f3 g5 18. Nd3 Nc4 19. Bf2 Nh5 20. e5 Kh8 21. exd6 Ne3
22. Bxe3 Rxe3 23. Kh1 Bd4 24. Ne4 b6 25. b4 f5 26. Nd2 Qe8 27. Nb3 Ng3+ 28. hxg3
Qh5+ 29. Kg1 Re1+ 30. Nxd4 Rxc1 31. Raxc1 cxd4 32. Ne5 Ra7 33. Bd3 Qe8 34. Rfe1
Rg7 35. Nc6 Qd7 36. Ne7 Rg8 37. Re6 Rd8 38. Rxh6+ Kg7 39. Rg6+ Kf7 40. Rxg5 Rh8
41. Bxf5 Qxa4 42. Bxc8 Qa3 43. Be6+ Kf6 44. Rf5+ Kg7 45. Rf7+ Kh6 46. Nf5+ Kg6
47. Rf1 d3 48. Ne7+ Kg5 49. f4+ Kh6 50. g4 d2 51. Nf5+ Kg6 52. Rg7+ 1-0

[Event "World Senior 65+ 2014"]
[Site "Katerini GRE"]
[Date "2014.10.26"]
[Round "3.43"]
[White "Zurel, Maxim"]
[Black "Urbanc, Vinko"]
[Result "1-0"]
[WhiteElo "1725"]
[BlackElo "1849"]
[WhiteFideId "816710"]
[BlackFideId "14607425"]
[EventDate "2014.10.24"]

1. e4 Nf6 2. Nc3 d5 3. e5 Nfd7 4. d4 e6 5. Nf3 c5 6. Bf4 Nc6 7. Bb5 Qb6 8. Bxc6
bxc6 9. Rb1 Ba6 10. Ne2 cxd4 11. Nfxd4 c5 12. Nf3 Qa5+ 13. Qd2 Qxa2 14. O-O Qa4
15. b3 Qc6 16. Rfe1 h6 17. Ra1 g5 18. Bg3 Bg7 19. Nc3 Bb7 20. h3 Bf8 21. Qe2 Rg8
22. Nb5 g4 23. hxg4 Rxg4 24. Nd6+ Bxd6 25. exd6 d4 26. Qd3 Nf6 27. Qf5 Rg5 28.
Qxf6 Rg6 29. Qe7# 1-0

[Event "World Senior 65+ 2014"]
[Site "Katerini GRE"]
[Date "2014.10.26"]
[Round "3.45"]
[White "Rozewicz, Joseph"]
[Black "Rave, Avraham"]
[Result "0-1"]
[WhiteElo "1576"]
[BlackElo "1838"]
[WhiteFideId "403318"]
[BlackFideId "2805367"]
[EventDate "2014.10.24"]

1. e4 c5 2. Nf3 d6 3. d4 cxd4 4. Nxd4 Nf6 5. Nc3 a6 6. Be2 b5 7. a3 Bb7 8. Bd3
g6 9. Be3 Bg7 10. O-O O-O 11. f3 Nbd7 12. Qd2 Rc8 13. Kh1 Ne5 14. Bh6 d5 15.
Bxg7 Kxg7 16. exd5 Nxd3 17. Qxd3 Nxd5 18. Nde2 e6 19. Nxd5 Bxd5 20. Rfe1 Qf6 21.
c3 Rfd8 22. Qe3 Bc4 23. Nd4 Re8 24. Ne2 Rcd8 25. Rad1 Bd5 26. Nf4 Bb3 27. Rxd8
Rxd8 28. Kg1 Qf5 29. Qe5+ Qxe5 30. Rxe5 Kf6 31. Re2 e5 32. Nh3 Bc4 33. Rc2 Rd1+
34. Kf2 Bd3 0-1

[Event "World Senior 65+ 2014"]
[Site "Katerini GRE"]
[Date "2014.10.27"]
[Round "4.1"]
[White "Vaisser, Anatoly"]
[Black "Suba, Mihai"]
[Result "1-0"]
[WhiteTitle "GM"]
[BlackTitle "GM"]
[WhiteElo "2531"]
[BlackElo "2341"]
[WhiteFideId "603252"]
[BlackFideId "1203363"]
[EventDate "2014.10.24"]

1. b3 c5 2. Bb2 Nc6 3. f4 d5 4. e3 a6 5. Nf3 Bg4 6. h3 Bxf3 7. Qxf3 e6 8. Be2
Nf6 9. d3 Be7 10. Nd2 O-O 11. O-O Qa5 12. Rfd1 Rad8 13. g4 Ne8 14. Nf1 Bf6 15.
d4 cxd4 16. exd4 Qb6 17. c3 Nd6 18. Kg2 g6 19. Bd3 Rfe8 20. Ne3 Bg7 21. f5 Ne4
22. fxe6 Rxe6 23. Nxd5 Rxd5 24. Bxe4 Rd7 25. Re1 Ne7 26. Re2 f5 27. Bd3 Rf6 28.
Bc4+ Kh8 29. g5 Rc6 30. Rae1 Ng8 31. Ba3 Rd8 32. Be7 Nxe7 33. Rxe7 Bf8 34. Qf4
Bxe7 35. Rxe7 Rxc4 36. Qe5+ 1-0

[Event "World Senior 65+ 2014"]
[Site "Katerini GRE"]
[Date "2014.10.27"]
[Round "4.2"]
[White "Gergel, Vladimir P"]
[Black "Zhelnin, Vladimir V"]
[Result "0-1"]
[WhiteTitle "FM"]
[BlackTitle "IM"]
[WhiteElo "2202"]
[BlackElo "2471"]
[WhiteFideId "14100550"]
[BlackFideId "4105567"]
[EventDate "2014.10.24"]

1. e4 c5 2. Nf3 d6 3. d4 cxd4 4. Nxd4 Nf6 5. Nc3 a6 6. Bg5 e6 7. f4 Qc7 8. Bxf6
gxf6 9. f5 Nc6 10. fxe6 fxe6 11. Nxc6 Qxc6 12. Qh5+ Ke7 13. O-O-O Bd7 14. Bd3
Rc8 15. Rhf1 Qc5 16. Qf3 Qe5 17. Rde1 Rxc3 18. bxc3 Qxc3 19. Bc4 Qa1+ 20. Kd2
Bh6+ 21. Ke2 Qe5 22. Bd3 Bc6 23. g3 Rf8 24. Kd1 Qa1+ 25. Ke2 Qc3 26. Rd1 f5 27.
Qh5 Rf6 0-1

[Event "World Senior 65+ 2014"]
[Site "Katerini GRE"]
[Date "2014.10.27"]
[Round "4.3"]
[White "Vasiukov, Evgeni"]
[Black "Gruzmann, Boris"]
[Result "1-0"]
[WhiteTitle "GM"]
[BlackTitle "FM"]
[WhiteElo "2448"]
[BlackElo "2246"]
[WhiteFideId "4100522"]
[BlackFideId "4105290"]
[EventDate "2014.10.24"]

1. e4 c5 2. Nf3 d6 3. d4 cxd4 4. Qxd4 a6 5. Be3 Nc6 6. Qb6 Qxb6 7. Bxb6 Bg4 8.
Nc3 Nf6 9. Nh4 g5 10. h3 Be6 11. Nf3 h6 12. h4 g4 13. Nd4 Nd7 14. Nxe6 fxe6 15.
Be3 Bg7 16. Bc4 Nd8 17. Be2 Rc8 18. Bxg4 h5 19. Bh3 Rxc3 20. bxc3 Bxc3+ 21. Ke2
Bxa1 22. Rxa1 Rg8 23. Rb1 e5 24. f3 Rg6 25. Kf2 e6 26. g4 hxg4 27. fxg4 Nf6 28.
Kf3 d5 29. exd5 exd5 30. g5 Ne4 31. Bf5 Rc6 32. h5 Nd6 33. Bg6+ N6f7 34. Kg4
Rc4+ 35. Kf5 Re4 36. Rb3 Ke7 37. Bxf7 Kxf7 38. g6+ Kg8 39. Bg5 1-0

[Event "World Senior 65+ 2014"]
[Site "Katerini GRE"]
[Date "2014.10.27"]
[Round "4.4"]
[White "Balashov, Yuri S"]
[Black "Filipenko, Alexander V"]
[Result "1/2-1/2"]
[WhiteTitle "GM"]
[BlackTitle "IM"]
[WhiteElo "2429"]
[BlackElo "2292"]
[WhiteFideId "4100263"]
[BlackFideId "4104471"]
[EventDate "2014.10.24"]

1. d4 d5 2. c4 c6 3. Nc3 Nf6 4. e3 e6 5. Nf3 Nbd7 6. Be2 Bd6 7. Qc2 O-O 8. O-O
b6 9. b3 Bb7 10. Bb2 Qe7 11. Rad1 Rfd8 12. h3 h6 1/2-1/2

[Event "World Senior 65+ 2014"]
[Site "Katerini GRE"]
[Date "2014.10.27"]
[Round "4.6"]
[White "Vogel, Jaap"]
[Black "Klundt, Klaus"]
[Result "1/2-1/2"]
[WhiteTitle "FM"]
[BlackTitle "IM"]
[WhiteElo "2239"]
[BlackElo "2325"]
[WhiteFideId "1000764"]
[BlackFideId "4600436"]
[EventDate "2014.10.24"]

1. d4 d5 2. Nf3 Nf6 3. c4 c6 4. e3 e6 5. Nbd2 Nbd7 6. Bd3 b6 7. O-O Be7 8. b3
Bb7 9. Bb2 O-O 10. Qe2 a5 11. cxd5 cxd5 12. Bb5 Rc8 13. Rac1 1/2-1/2

[Event "World Senior 65+ 2014"]
[Site "Katerini GRE"]
[Date "2014.10.27"]
[Round "4.7"]
[White "Agzamov, Valeriy"]
[Black "Pushkov, Nikolai"]
[Result "1/2-1/2"]
[BlackTitle "GM"]
[WhiteElo "2191"]
[BlackElo "2306"]
[WhiteFideId "14200449"]
[BlackFideId "4117131"]
[EventDate "2014.10.24"]

1. e4 e6 2. d4 d5 3. Nd2 c5 4. exd5 exd5 5. Ngf3 c4 6. b3 cxb3 7. axb3 Nf6 8.
Bb5+ Bd7 9. Qe2+ Be7 10. Ne5 O-O 11. O-O a6 12. Bd3 Re8 13. Qf3 Bd6 14. Nxd7 1/2-1/2

[Event "World Senior 65+ 2014"]
[Site "Katerini GRE"]
[Date "2014.10.27"]
[Round "4.8"]
[White "Bondar, Leonid"]
[Black "Van Riemsdijk, Herman C."]
[Result "0-1"]
[BlackTitle "IM"]
[WhiteElo "2061"]
[BlackElo "2339"]
[WhiteFideId "2006227"]
[BlackFideId "2100053"]
[EventDate "2014.10.24"]

1. e4 c5 2. Nf3 e6 3. d4 cxd4 4. Nxd4 Nf6 5. Nc3 Nc6 6. Be3 Bb4 7. f3 d5 8. Nxc6
bxc6 9. e5 Nd7 10. f4 Qa5 11. Bd2 Qb6 12. a3 Be7 13. Na4 Qd4 14. Nc3 Rb8 15. Rb1
g5 16. g3 gxf4 17. Bxf4 Bc5 18. Qe2 Rxb2 19. Qd2 Rxb1+ 20. Nxb1 Qe4+ 0-1

[Event "World Senior 65+ 2014"]
[Site "Katerini GRE"]
[Date "2014.10.27"]
[Round "4.9"]
[White "Zakharov, Alexander"]
[Black "Meizlin, Yaacov"]
[Result "1-0"]
[WhiteTitle "IM"]
[WhiteElo "2331"]
[BlackElo "2105"]
[WhiteFideId "4103564"]
[BlackFideId "2812185"]
[EventDate "2014.10.24"]

1. e4 c5 2. Nf3 e6 3. Nc3 Nc6 4. d4 cxd4 5. Nxd4 Nf6 6. a3 d5 7. exd5 Nxd5 8.
Nxc6 bxc6 9. Ne4 Qc7 10. c4 Qe5 11. Qe2 Nf6 12. Nxf6+ gxf6 13. Qxe5 fxe5 14. g3
Bc5 15. Bg2 Bd7 16. Bg5 Bd4 17. O-O-O Rb8 18. Rd2 Rg8 19. h4 c5 20. Re1 Rb3 21.
Bf6 Rg4 22. Bh3 Bxf2 23. Rxf2 Rxc4+ 24. Kb1 Rxg3 25. Bg2 Rf4 26. Rxf4 exf4 27.
Be4 h5 28. Rd1 c4 29. Bc6 Rd3 30. Rxd3 cxd3 31. Bf3 Ba4 32. Kc1 Kd7 33. Bxh5 Kd6
34. Kd2 Bb5 35. Bxf7 e5 36. Bg5 1-0

[Event "World Senior 65+ 2014"]
[Site "Katerini GRE"]
[Date "2014.10.27"]
[Round "4.10"]
[White "Kratschmer, Heinz"]
[Black "Pritchett, Craig W"]
[Result "0-1"]
[BlackTitle "IM"]
[WhiteElo "2109"]
[BlackElo "2315"]
[WhiteFideId "1606670"]
[BlackFideId "2400065"]
[EventDate "2014.10.24"]

1. d4 Nf6 2. Nf3 e6 3. c4 Bb4+ 4. Nbd2 O-O 5. a3 Be7 6. e4 d6 7. Be2 a5 8. O-O
Nbd7 9. b3 e5 10. Bb2 exd4 11. Nxd4 Re8 12. Qc2 Bf8 13. f4 g6 14. Bf3 Bg7 15.
Rad1 c6 16. h3 Qb6 17. Kh2 Nc5 18. Rfe1 Qc7 19. g3 h5 20. Bg2 Qb6 21. Bf3 h4 22.
g4 Ne6 23. Nxe6 Qf2+ 24. Bg2 Bxe6 25. Rf1 Qg3+ 26. Kg1 Bxg4 27. e5 Bxd1 28. Qxd1
Qe3+ 29. Kh1 Nh5 30. Rf3 Ng3+ 31. Kh2 Qb6 32. Qe1 dxe5 33. fxe5 Rad8 34. Re3 Bh6
35. Ne4 Qxe3 36. Nf6+ Kf8 37. Qxa5 Rd1 38. Qb4+ Re7 39. Nh7+ Kg7 40. e6+ Kxh7
41. Bd4 Qxd4 0-1

[Event "World Senior 65+ 2014"]
[Site "Katerini GRE"]
[Date "2014.10.27"]
[Round "4.11"]
[White "Malisov, Boris"]
[Black "Danielsson, Robert"]
[Result "1/2-1/2"]
[WhiteElo "2250"]
[BlackElo "2115"]
[WhiteFideId "2802503"]
[BlackFideId "1711490"]
[EventDate "2014.10.24"]

1. e4 c5 2. Nc3 Nc6 3. f4 g6 4. Nf3 Bg7 5. Bb5 Nd4 6. a4 e6 7. e5 a6 8. Bd3 d5
9. Nxd4 cxd4 10. Ne2 f6 11. exf6 Bxf6 12. O-O Ne7 13. b3 O-O 14. Kh1 Nc6 15. Bb2
Bd7 16. Qe1 Qb6 17. Qf2 Rac8 18. a5 Nxa5 19. Bxd4 Bxd4 20. Qxd4 Qxd4 21. Nxd4
Nc6 22. Nxc6 Rxc6 23. Rae1 Rb6 24. g3 Re8 25. Kg2 Bb5 26. Rf3 Bxd3 27. Rxd3 Kf7
28. Rc3 Rd6 29. Kf3 Rd7 30. Rc5 Ree7 31. c3 Rc7 32. Rxc7 Rxc7 33. Ke3 h5 34. Kd4
Kf6 35. d3 b6 36. h3 a5 37. g4 hxg4 38. hxg4 Rh7 39. g5+ Ke7 40. c4 dxc4 41.
bxc4 Kd6 42. Rb1 Rb7 43. Kc3 e5 44. fxe5+ Kxe5 45. Rb5+ Kd6 46. d4 Kc6 47. d5+
Kd6 48. Kd4 Rb8 49. Rb1 a4 50. Rb4 a3 51. Ra4 Rh8 52. Rb4 Rh4+ 53. Kc3 Rh3+ 54.
Kd4 Rh4+ 55. Kc3 Rh3+ 56. Kd4 Rh4+ 1/2-1/2

[Event "World Senior 65+ 2014"]
[Site "Katerini GRE"]
[Date "2014.10.27"]
[Round "4.12"]
[White "Peretz, Malkiel"]
[Black "Baeta, Marcio Netto"]
[Result "1/2-1/2"]
[WhiteTitle "FM"]
[WhiteElo "2240"]
[BlackElo "2074"]
[WhiteFideId "2800446"]
[BlackFideId "2112744"]
[EventDate "2014.10.24"]

1. e4 Nf6 2. e5 Nd5 3. d4 d6 4. Nf3 g6 5. Bc4 Nb6 6. Bb3 Bg7 7. O-O O-O 8. Re1
Bg4 9. c3 dxe5 10. dxe5 Qxd1 11. Bxd1 Nc6 12. Bf4 Nc4 13. b3 Bxf3 14. Bxf3 N4xe5
15. Bxe5 Nxe5 16. Bxb7 Rad8 17. Ba6 e6 1/2-1/2

[Event "World Senior 65+ 2014"]
[Site "Katerini GRE"]
[Date "2014.10.27"]
[Round "4.13"]
[White "Khazankin, Moisei"]
[Black "Lederman, Leon"]
[Result "1/2-1/2"]
[BlackTitle "IM"]
[WhiteElo "2039"]
[BlackElo "2233"]
[WhiteFideId "14115271"]
[BlackFideId "2800403"]
[EventDate "2014.10.24"]

1. e4 c5 2. Nf3 d6 3. d4 cxd4 4. Nxd4 Nf6 5. Nc3 a6 6. Be3 e5 7. Nb3 Be6 8. f3
Nbd7 9. Qd2 Rc8 10. g4 Be7 11. O-O-O Qc7 12. g5 Nh5 13. Kb1 Nb6 14. Qf2 Nc4 15.
Bxc4 Qxc4 16. Nd5 Bxd5 17. Rxd5 O-O 18. Rg1 f5 19. gxf6 Nxf6 20. Qg2 Rf7 21. Rd3
Qe6 22. Rgd1 Bf8 23. Nc1 Rfc7 24. R1d2 b5 25. Ne2 b4 26. Ng3 g6 27. f4 exf4 28.
Bxf4 Rc6 29. h4 h5 30. Rd4 Rc4 31. b3 Rxd4 32. Rxd4 Ng4 33. Qd2 Ne5 34. Rxb4 Nf3
35. Qd5 Qxd5 36. exd5 Nxh4 37. Rb6 Re8 38. Bxd6 Bxd6 39. Rxd6 Re3 40. Nxh5 gxh5
41. Rh6 Re5 42. d6 Kf7 43. c4 Nf3 44. Kc2 Ke8 45. b4 Nd4+ 46. Kc3 Nc6 47. c5 Re4
48. Rh8+ Kd7 49. Rh7+ Kd8 50. Rh8+ 1/2-1/2

[Event "World Senior 65+ 2014"]
[Site "Katerini GRE"]
[Date "2014.10.27"]
[Round "4.15"]
[White "Serra Olives, Tomas"]
[Black "Doubleday, William G."]
[Result "1-0"]
[WhiteTitle "FM"]
[WhiteElo "2156"]
[BlackElo "2057"]
[WhiteFideId "2203774"]
[BlackFideId "2682419"]
[EventDate "2014.10.24"]

1. e4 c5 2. Nf3 Nc6 3. d4 cxd4 4. Nxd4 Qb6 5. Nb3 Nf6 6. Nc3 e6 7. Be3 Qc7 8. f4
Bb4 9. Bd3 d5 10. e5 Bxc3+ 11. bxc3 Nd7 12. O-O g6 13. Nd4 Nxd4 14. cxd4 b6 15.
Bf2 f5 16. Bh4 h5 17. Qe1 Bb7 18. Qb4 Rh7 19. c4 dxc4 20. Bxc4 Qc6 21. d5 exd5
22. Bb5 Qe6 23. Rac1 a6 24. Rc7 Rb8 25. Bxd7+ Rxd7 26. Rfc1 b5 27. Qa5 d4 28.
Rxd7 Qxd7 29. Qb6 Rc8 30. Qxg6+ Qf7 31. Rxc8+ Bxc8 32. Qg5 Kf8 1-0

[Event "World Senior 65+ 2014"]
[Site "Katerini GRE"]
[Date "2014.10.27"]
[Round "4.16"]
[White "Rooze, Jan"]
[Black "Kayaman, Metin"]
[Result "1-0"]
[WhiteTitle "IM"]
[WhiteElo "2341"]
[BlackElo "1878"]
[WhiteFideId "200050"]
[BlackFideId "6301185"]
[EventDate "2014.10.24"]

1. e4 c5 2. Nf3 Nc6 3. Bb5 Nf6 4. Bxc6 dxc6 5. d3 Bg4 6. Nbd2 e6 7. h3 Bxf3 8.
Qxf3 Be7 9. Nc4 O-O 10. Bd2 Nd7 11. O-O-O b5 12. Ne3 Ne5 13. Qg3 Nd7 14. f4 Nb6
15. h4 Kh8 16. h5 b4 17. Ng4 Na4 18. Ne5 Qd4 19. Nc4 f6 20. f5 e5 21. h6 Rg8 22.
Be3 Qd7 23. Qh3 gxh6 24. Qxh6 Rg7 25. g4 Nb6 26. g5 Nxc4 27. dxc4 1-0